000 00584nam a2200193 i 4500
001 130049
003 ES-MaACL
005 20230906193630.0
007 t|
008 070717s1939 sp ||||1| spa d
100 1 _aZunzunegui, Juan Antonio de.
_9118511
245 1 3 _aLa vocación /
_cJuan Antonio Zunzunegui.
260 _aMadrid :
_b[s.n.],
_c1939.
300 _a15 p. :
_bil. ;
_c28 cm.
490 1 _aLa novela de "Vértice" ;
_vjulio 1939
830 0 _aLa novela de "Vértice" ;
_vjulio 1939
_9171496
852 _aES-MaACL
_j1846-F-11
_bR.20279
999 _c130049
_d130049